000 00912cam a22002055a 4500
008 240403s2011 xxka 000 0 eng u
041 0 _aeng
110 2 _aRoyal Institution of Chartered Surveyors
_94900
245 0 0 _aRICS awards 2011
_bthe grand final
260 _aLondon
_bRICS
_c2011
300 _a35p.
_bcol. ill.
_c23cm.
440 _aRICS Awards
505 2 _aRegional awards -- Grand final awards 2009 -- Building conservation -- Community benefit -- Regeneration -- Sustainability -- Project of the year
520 _aProfiles the winners of the RICS Awards 2010, including Blencow Hall; Scala Cinema and Arts Centre, Prestatyn; Stonebridge Estate Regeneration, Harlesden; New Library, Queen's University, Belfast. The Project of the Year was the Roundhouse Campus for Derby College.
521 _aIntroductory
590 _aKA
651 4 _aInternational
690 _aRICS
_96277
942 _n0
999 _c121890
_d121890